Introduction to the practice of statistics / (Record no. 599062)
[ view plain ]
| 000 -LEADER | |
|---|---|
| fixed length control field | 00332nam a2200121Ia 4500 |
| 008 - FIXED-LENGTH DATA ELEMENTS--GENERAL INFORMATION | |
| fixed length control field | 230907s9999||||xx |||||||||||||| ||und|| |
| 082 ## - DEWEY DECIMAL CLASSIFICATION NUMBER | |
| Classification number | 519.5 |
| Author Mark | MOO |
| 100 ## - MAIN ENTRY--PERSONAL NAME | |
| Personal name | Moore, David S., |
| 9 (RLIN) | 68 |
| 245 #0 - TITLE STATEMENT | |
| Title | Introduction to the practice of statistics / |
| 300 ## - PHYSICAL DESCRIPTION | |
| Extent | 1 volume (various pagings) : |
| 650 ## - SUBJECT ADDED ENTRY--TOPICAL TERM | |
| Topical term or geographic name entry element | Textbooks. |
| 9 (RLIN) | 8511 |
| 942 ## - ADDED ENTRY ELEMENTS (KOHA) | |
| Koha item type | Book |
| Withdrawn status | Lost status | Damaged status | Not for loan | Permanent Location | Current Location | Date acquired | Total Checkouts | Full call number | Barcode | Date last seen | Price effective from | Koha item type |
|---|---|---|---|---|---|---|---|---|---|---|---|---|
| US-Pakistan Center for Advanced Studies in Energy (USPCAS-E) | US-Pakistan Center for Advanced Studies in Energy (USPCAS-E) | 08/16/2019 | 519.5 MOO | CAS-E0003161 | 09/12/2023 | 09/12/2023 | Book |
